000 02281cam a2200457 i 4500
999 _c5400
_d5400
001 20668282
003 OSt
005 20250910101736.0
008 180913t20182018mau c 000 1 eng d
010 _a 2018958181
020 _a9781536215793
035 _a20668282
035 _a(OCoLC)1020312953
040 _aYDX
_beng
_cYDX
_erda
_dBDX
_dTOH
_dGZD
_dJAO
_dOI6
_dDAD
_dVP@
_dCZA
_dEHH
_dBKL
_dOCLCQ
_dNYP
_dCCLML
_dRB0
_dDLC
_dDLC
_dKH8
042 _alccopycat
082 _aFIC HAU
100 1 _aHautman, Pete,
_d1952-
_eauthor.
245 1 0 _aOtherwood /
_cPete Hautman.
246 1 4 _aOther wood
250 _aFirst edition.
264 1 _aSomerville, Massachusetts :
_bCandlewick Press,
_c2018.
264 4 _c©2018
300 _a303 pages ;
_c22 cm
336 _atext
_btxt
_2rdacontent
337 _aunmediated
_bn
_2rdamedia
338 _avolume
_bnc
_2rdacarrier
520 _a"'Hatred combined with lies and secrets can break the world." Grandpa Zach used to say that before he died, but Stuey never really knew what he meant. It was kind of like how he used to talk about quantum physics, or how he used to say ghosts haunted the overgrown golf course. But then one day, when Stuey and his best friend, Elly Rose, are playing in the deadfall in the middle of the woods, something totally unbelievable happens. As Stuey and Elly Rose struggle to come to grips with their lives after that moment, all the things Grandpa Zach used to say started to make sense. This is a book about memory and loss and the destructive nature of secrets, but also about the way friendship, truth, and perseverance have the ability to knit a torn-apart world back together.--
_cPublisher's description.
650 0 _aFamily secrets
_vJuvenile fiction.
650 0 _aGrief
_vJuvenile fiction.
650 0 _aGrandparent and child
_vJuvenile fiction.
650 0 _aGhost stories.
650 0 _aReality
_vJuvenile fiction.
650 1 _aFamilies
_vFiction.
650 1 _aSecrets
_vFiction.
650 1 _aGrief
_vFiction.
650 1 _aGrandparent and child
_vFiction.
655 7 _aNovels.
_2lcgft
655 7 _aFiction.
_2lcgft
_0https://id.loc.gov/authorities/genreForms/gf2014026339
655 7 _aFiction.
_2lcgft
_0https://id.loc.gov/authorities/genreForms/gf2014026339
942 _2ddc
_cFIC